00676nam a2200181 i 450000100060000000300090000600500170001500700030003200800410003510000350007624500840011126000920019530000320028760000570031961000270037671000690040385200220047274356ES-MaACL20250803064500.0t|040917s1970 sp f |||| |dspa d1 aGonzález y Gómez, Simón.10aBécquer, Veruela y el Somontano del Moncayo / cSimón González y Gómez. aZaragoza : b[Caja de Ahorros y Monte de Piedad de Zaragoza, Aragón y Rioja], c1970. a198 p., 6 lám. ; c24 cm.14aBécquer, Gustavo Adolfo,d1836-1870-xBiografías24aMonasterio de Veruela.2 aCaja de Ahorros y Monte de Piedad de Zaragoza, Aragón y Rioja. aES-MaACLjC-37867